[Event "Pan American-ch U16 24th"]
[Site "Pocos de Caldas"]
[Date "2013.07.27"]
[Round "3.15"]
[White "Salmaso Trelha, Victor Hugo"]
[Black "Saavedra Guajardo, Sledge Hamme"]
[Result "1/2-1/2"]
[WhiteElo "1708"]
[BlackElo "1700"]
[PlyCount "49"]
[EventDate "2013.07.25"]
[EventType "swiss"]
[EventRounds "9"]
[EventCountry "BRA"]
[SourceTitle "EXT 2016"]
[Source "ChessBase"]
[SourceDate "2015.10.08"]
[SourceVersion "1"]
[SourceVersionDate "2015.10.08"]
[SourceQuality "1"]

1. e4 e5 2. Nf3 Nc6 3. d4 exd4 4. Nxd4 Qf6 5. Nxc6 Bc5 6. Qd2 dxc6 7. Bd3 Be6 8. 0-0 Ne7 9. Nc3 Ng6 10. Qg5 Qxg5 11. Bxg5 f6 12. Bd2 Ne5 13. Na4 Nxd3 14. cxd3 Bd4 15. Bc3 0-0-0 16. Rfd1 b6 17. Rd2 c5 18. Bxd4 cxd4 19. b3 Bf7 20. Rc1 Rd7 21. Nb2 Re8 22. Nc4 Kb7 23. Rdc2 a5 24. a4 Bxc4 25. bxc4 1/2-1/2

[Event "BRA-ch U20"]
[Site "Paranavai"]
[Date "2013.06.13"]
[Round "2"]
[White "Miranda, Joao Paulo Segato"]
[Black "Salmaso Trelha, Victor Hugo"]
[Result "0-1"]
[WhiteElo "1728"]
[BlackElo "1683"]
[PlyCount "90"]
[EventDate "2013.06.13"]
[EventType "swiss"]
[EventRounds "7"]
[EventCountry "BRA"]
[SourceTitle "CBM 155 Extra"]
[Source "ChessBase"]
[SourceDate "2013.08.26"]
[SourceVersion "1"]
[SourceVersionDate "2013.08.26"]
[SourceQuality "1"]

1. d4 d5 2. Nf3 e6 3. Bf4 f5 4. e3 Nf6 5. Bd3 Bd6 6. Ne5 0-0 7. Nd2 Ne4 8. Bxe4 fxe4 9. c4 c6 10. Qg4 Qe7 11. a3 Nd7 12. Qg3 Bxe5 13. Bxe5 Nxe5 14. Qxe5 Qf6 15. Qg3 b6 16. 0-0 c5 17. cxd5 exd5 18. Qe5 Qxe5 19. dxe5 Re8 20. f4 exf3 21. Nxf3 Bg4 22. Rad1 Rad8 23. Rd2 Bxf3 24. Rxf3 Rxe5 25. Rdf2 Rde8 26. Re2 d4 27. Kf2 dxe3+ 28. Rexe3 Rxe3 29. Rxe3 Rxe3 30. Kxe3 Kf7 31. Ke4 Ke6 32. b3 b5 33. Ke3 Ke5 34. Kd3 Kd5 35. a4 b4 36. h3 g5 37. g3 h5 38. Ke3 c4 39. bxc4+ Kxc4 40. Kd2 b3 41. Kc1 a5 42. Kb2 Kb4 43. Ka1 Kxa4 44. Kb2 Kb4 45. Ka1 a4 0-1

[Event "Foz do Iguacu op 3rd"]
[Site "Foz do Iguacu"]
[Date "2013.06.02"]
[Round "6"]
[White "Branco, Guilherme Paulino"]
[Black "Salmaso Trelha, Victor Hugo"]
[Result "1-0"]
[WhiteElo "2001"]
[BlackElo "1665"]
[PlyCount "39"]
[EventDate "2013.05.31"]
[EventType "swiss"]
[EventRounds "6"]
[EventCountry "BRA"]
[SourceTitle "CBM 154 Extra"]
[Source "ChessBase"]
[SourceDate "2013.06.25"]
[SourceVersion "2"]
[SourceVersionDate "2013.06.25"]
[SourceQuality "1"]

1. e4 c6 2. d4 d5 3. exd5 cxd5 4. c4 Nf6 5. Nc3 e6 6. c5 Be7 7. Nf3 0-0 8. Bd3 Nc6 9. a3 a5 10. Na4 Nd7 11. Bf4 b6 12. cxb6 Nxb6 13. Rc1 Bd7 14. Bb5 Nb8 15. Bc7 Qe8 16. Nxb6 Ra7 17. Nxd7 Nxd7 18. Ne5 Qa8 19. Bc6 Qc8 20. Bxd7 1-0

[Event "Foz do Iguacu op 3rd"]
[Site "Foz do Iguacu"]
[Date "2013.05.31"]
[Round "2"]
[White "Salmaso Trelha, Victor Hugo"]
[Black "Yano, William Jorge Froes"]
[Result "1/2-1/2"]
[WhiteElo "1665"]
[BlackElo "2123"]
[PlyCount "53"]
[EventDate "2013.05.31"]
[EventType "swiss"]
[EventRounds "6"]
[EventCountry "BRA"]
[SourceTitle "CBM 154 Extra"]
[Source "ChessBase"]
[SourceDate "2013.06.25"]
[SourceVersion "2"]
[SourceVersionDate "2013.06.25"]
[SourceQuality "1"]

1. e4 e6 2. b3 d5 3. exd5 exd5 4. Bb2 d4 5. Nf3 c5 6. Be2 Nf6 7. 0-0 Be7 8. d3 0-0 9. Nbd2 Nc6 10. Nc4 Qc7 11. c3 dxc3 12. Bxc3 Nd5 13. Bb2 Nf4 14. Nfe5 Bf5 15. Nxc6 Qxc6 16. Bf3 Qh6 17. Be4 Qg5 18. Qf3 Bg4 19. Qe3 Rae8 20. Bc1 Ne6 21. Qxg5 Nxg5 22. Bxb7 Bf6 23. Bb2 Be2 24. Rfe1 Bxd3 25. Bxf6 gxf6 26. Nb2 Bf5 27. Na4 1/2-1/2

[Event "Parana-ch"]
[Site "Curitiba"]
[Date "2013.01.27"]
[Round "9"]
[White "Santos Neto, Amazonas"]
[Black "Salmaso Trelha, Victor Hugo"]
[Result "1/2-1/2"]
[WhiteElo "1793"]
[BlackElo "1640"]
[PlyCount "87"]
[EventDate "2013.01.22"]
[EventType "swiss"]
[EventRounds "9"]
[EventCountry "BRA"]
[SourceTitle "CBM 152 Extra"]
[Source "ChessBase"]
[SourceDate "2013.02.25"]
[SourceVersion "1"]
[SourceVersionDate "2013.02.25"]
[SourceQuality "1"]

1. d4 d5 2. Nf3 e6 3. Bf4 f5 4. e3 Nf6 5. c4 c6 6. Be2 Bd6 7. Bxd6 Qxd6 8. a3 0-0 9. Nbd2 b6 10. b4 Bb7 11. c5 bxc5 12. bxc5 Qe7 13. 0-0 Ba6 14. Ne5 Bxe2 15. Qxe2 Nbd7 16. Ndf3 Ne4 17. Nxd7 Qxd7 18. Ne5 Qc7 19. Qa6 Nxc5 20. Qxc6 Qxc6 21. Nxc6 Nb3 22. Ra2 Rf7 23. Rb1 Rc7 24. Rxb3 Rxc6 25. g3 Rac8 26. Rb7 R8c7 27. Rab2 Kf7 28. Kg2 Kf6 29. a4 Rxb7 30. Rxb7 Ra6 31. Rb4 Rb6 32. Rxb6 axb6 33. Kf3 g5 34. Ke2 Ke7 35. Kd3 Kd6 36. Kc3 Kc6 37. Kb4 Kc7 38. Kb5 Kb7 39. a5 bxa5 40. Kxa5 g4 41. Kb5 h6 42. Kc5 Kc7 43. Kb5 Kb7 44. Ka5 1/2-1/2

[Event "Parana-ch"]
[Site "Curitiba"]
[Date "2013.01.23"]
[Round "2"]
[White "Tratz, Leonardo Schmaedeck"]
[Black "Salmaso Trelha, Victor Hugo"]
[Result "1-0"]
[WhiteElo "2048"]
[BlackElo "1640"]
[PlyCount "59"]
[EventDate "2013.01.22"]
[EventType "swiss"]
[EventRounds "9"]
[EventCountry "BRA"]
[SourceTitle "CBM 152 Extra"]
[Source "ChessBase"]
[SourceDate "2013.02.25"]
[SourceVersion "1"]
[SourceVersionDate "2013.02.25"]
[SourceQuality "1"]

1. e4 c6 2. d4 d5 3. e5 Bf5 4. g4 Bg6 5. h4 h5 6. Bd3 Bxd3 7. Qxd3 e6 8. g5 Nd7 9. g6 Qe7 10. Nf3 f6 11. Bf4 Nh6 12. Nbd2 Nf5 13. 0-0-0 0-0-0 14. Rde1 Qe8 15. Rhg1 Bb4 16. c3 Ba5 17. exf6 gxf6 18. Qe2 Ng7 19. b4 Bb6 20. Nb3 Nf8 21. Qd3 Rd7 22. Nc5 Bxc5 23. bxc5 Nf5 24. Qxf5 Qd8 25. Qd3 Rg7 26. Bd6 Qa5 27. Re2 b6 28. cxb6 axb6 29. Bb4 Qa7 30. Qe3 1-0

[Event "Maringa op 2nd"]
[Site "Maringa"]
[Date "2012.08.10"]
[Round "4"]
[White "Salmaso Trelha, Victor Hugo"]
[Black "Goncalves, Jorge Roberto"]
[Result "0-1"]
[WhiteElo "1645"]
[BlackElo "2057"]
[PlyCount "38"]
[EventDate "2012.08.08"]
[EventType "swiss"]
[EventRounds "9"]
[EventCountry "BRA"]
[SourceTitle "CBM 149 Extra"]
[Source "ChessBase"]
[SourceDate "2012.08.24"]
[SourceVersion "1"]
[SourceVersionDate "2012.08.24"]
[SourceQuality "1"]

1. e4 c5 2. Nf3 d6 3. d4 cxd4 4. Nxd4 Nf6 5. Nc3 e6 6. Bg5 Qa5 7. Qd2 Be7 8. Bb5+ Bd7 9. 0-0 Nc6 10. Nb3 Qc7 11. Rad1 a6 12. Be2 h6 13. Bf4 Ne5 14. h3 g5 15. Bxe5 dxe5 16. Bf3 Rc8 17. Qe3 Rg8 18. Kh1 h5 19. Qe2 g4 0-1

[Event "BRA-ch U16"]
[Site "Sao Paulo"]
[Date "2012.05.01"]
[Round "7"]
[White "Salmaso Trelha, Victor Hugo"]
[Black "Oliveira, Tiago Lopes"]
[Result "0-1"]
[WhiteElo "1793"]
[BlackElo "1786"]
[PlyCount "112"]
[EventDate "2012.04.28"]
[EventType "swiss"]
[EventRounds "7"]
[EventCountry "BRA"]
[SourceTitle "CBM 148 Extra"]
[Source "ChessBase"]
[SourceDate "2012.06.22"]
[SourceVersion "1"]
[SourceVersionDate "2012.06.22"]
[SourceQuality "1"]

1. e4 c5 2. Nf3 e6 3. d4 cxd4 4. Nxd4 Nf6 5. Nc3 d6 6. Be3 a6 7. a4 b6 8. Bd3 Bb7 9. 0-0 Be7 10. Nb3 Nbd7 11. f3 0-0 12. Qd2 Nc5 13. Rfd1 d5 14. exd5 Nxb3 15. cxb3 Nxd5 16. Nxd5 exd5 17. Qf2 b5 18. axb5 axb5 19. Bxb5 Qd6 20. Rac1 Qb4 21. Ba4 Rfc8 22. Rc2 Rxc2 23. Qxc2 Rc8 24. Qd2 Qxd2 25. Rxd2 Bb4 26. Rd1 Rc2 27. Bd4 Ba6 28. h3 Be2 29. Ra1 f6 30. Bd7 Kf7 31. Bf5 Rd2 32. Ra7+ Ke8 33. Ra8+ Kf7 34. Ra7+ Ke8 35. Ra8+ Ke7 36. Ra7+ Kd8 37. Rd7+ Ke8 38. Rxd5 Rxd4 39. Rxd4 Bc5 40. Bxh7 Bxd4+ 41. Kh2 Bxb2 42. Bg8 Be5+ 43. Kg1 Bg3 44. Bd5 Kd7 45. Be4 Kd6 46. f4 Kc5 47. Bg6 Kd4 48. h4 Ke3 49. f5 Kf4 50. h5 Kg5 51. b4 Be1 52. Kh2 Kg4 53. Kg1 Kg3 54. Be8 Bxb4 55. Bg6 Bc5+ 56. Kh1 Bf1 0-1

[Event "BRA-ch U16"]
[Site "Sao Paulo"]
[Date "2012.04.30"]
[Round "6"]
[White "Salmaso Trelha, Victor Hugo"]
[Black "De Lima, Thiago Alves"]
[Result "1-0"]
[WhiteElo "1793"]
[BlackElo "1560"]
[PlyCount "83"]
[EventDate "2012.04.28"]
[EventType "swiss"]
[EventRounds "7"]
[EventCountry "BRA"]
[SourceTitle "CBM 148 Extra"]
[Source "ChessBase"]
[SourceDate "2012.06.22"]
[SourceVersion "1"]
[SourceVersionDate "2012.06.22"]
[SourceQuality "1"]

1. e4 c5 2. Nf3 Nc6 3. d4 cxd4 4. Nxd4 Nf6 5. Nc3 e6 6. Ndb5 Be7 7. Nd6+ Bxd6 8. Qxd6 Qe7 9. Qxe7+ Nxe7 10. Bg5 Nfg8 11. Bc4 h6 12. Bh4 Ng6 13. Bg3 N8e7 14. Nb5 0-0 15. Nc7 Rb8 16. Nxe6 dxe6 17. Bxb8 Nc6 18. Bg3 Rd8 19. 0-0 a6 20. Rfd1 Re8 21. Rd2 b5 22. Bb3 Re7 23. Rad1 Kh7 24. Rd6 Bb7 25. Rd7 Bc8 26. Rxe7 Ngxe7 27. a4 b4 28. Bd6 Ng6 29. Bc5 a5 30. Rd6 Nce5 31. Bb6 Ne7 32. Bxa5 N7c6 33. f4 Nxa5 34. fxe5 Bb7 35. Rb6 Bxe4 36. Rxb4 Bc6 37. Rb6 Bd7 38. Ra6 Nc6 39. a5 Nxe5 40. Rd6 Bc6 41. a6 Be4 42. a7 1-0